Регионална библиотека "Любен Каравелов" - Русе

Алгебра (Запис номер 461460)

MARC детайли
000 -Лидер
Контролно поле с фиксирана дължина nam a22 a 4500
003 - Код на организацията, давaща контролен номер
Контролно поле BLK
005 - Дата и час на последна редакция
Контролно поле 20220615160912.0
008 - Елементи от данни с фиксирана дължина
fixed length control field 220615b bu |||||r|||| 00| | bu d
040 ## - Източник на каталожния запис
Идентификатор на билиотеката - собственик на записа BLK
041 ## - Код за език
Код за езика на текст/звукозапис или на отделно заглавие Български
Код за езика КДБФ Български
080 ## - УДК
Текстов определител УДК Алгебра (Основи и логика вж 510)
УДК код - определител по УДК 512
УДК определител (075.3)
УДК - код + определител 512(075.3)
100 ## - Редна дума - Автор
R(LIN) 363472
Автор Запрянов, Запрян Димитров
Авторска отговорност първи автор
139 ## - Редно поле
Редна дума Запрянов, Запрян Димитров
245 ## - Сведения за заглавието
Заглавие Алгебра
Подзаглавни данни Учебник за XI кл. на общообраз. трудово-политехн. у-ща
Редно поле (дума) Запрян Д. Запрянов, Йордан К. Кучинов, Иван Ганчев
250 ## - Област на изданието
Сведения за изданието [7. стер. изд.]
260 ## - Област на издателските данни
9 (RLIN) 216179
Място на издаване, разпространение и проч. София
Име на издателя, разпространителя и проч. Нар. просв.
Година на издаване 1969 (1968)
300 ## - Физическа характеристика
Страници 124 с.
Илюстрации и др. с черт.
Размери/Мащаб 23 см
380 ## - Жанр
Жанр Естествени науки. Математика
500 ## - Общи забележки
Забележка 1. изд. 1963<br/>50 058 тир
650 #0 - Допълнително описание по предмет – тема
9 (RLIN) 246051
Основно описание – тема или топоним Алгебра - учебници за средни училища
700 ## - Други автори (авторска отговорност)
9 (RLIN) 255682
Лично име Кучинов, Йордан Колев
Автороска отговорност (Описва отношението между автора и произведението) съавт.
700 ## - Други автори (авторска отговорност)
9 (RLIN) 408664
Лично име Ганчев, Иван
Автороска отговорност (Описва отношението между автора и произведението) Съавт.
852 ## - Местоположение
Форматна сигнатура Цб 46924
Фондова буква Хранилище
999 ## - СИСТЕМНИ КОНТРОЛНИ НОМЕРА
Koha biblionumber 461460
Koha biblioitemnumber 461460
942 ## - АРТИКУЛИ
Вид на библиотечния материал Книги
Скрит в OPAC Не
Периодичен библиозапис Да
944 ## - СЪЗДАВАНЕ И РЕДАКЦИЯ на ЗАПИСА
Създаване/Редакция Създаване
Дата на регистрацията/редакция 2022-06-15
Служител, извършил регистрацията/редакцията ВП
Наличности
Код за отписване Код за изгубен артикул Източник на класификационната схема Код за повреда Коз за рестрикции Код за отдаване Артикулен № Име на библиотеката - собственик Име на библиотеката, в която се намира в момента Статус (Текущо местоположение) Дата на вписване в системата Местоположение - отдел Цена в лева Инвентарен номер Систематично азбучна сигнатура Баркод Цена в евро Служебен тип на артикула
  Не е изгубен Universal Decimal Classification Не е повреден само за читалня ползва се в читалня 890720 Регионална библиотека "Любен Каравелов" Русе Регионална библиотека "Любен Каравелов" Русе Хранилище 2022-06-21 Хранилище 0.31 12375/68 Цб 46924 900000102329 0.16 Книги
Vip Innovations Ltd, Rousse, Bulgaria 2025